Software de reconocimiento y creación de patrones musicales utilizando MIDI
में बचाया:
| मुख्य लेखक: | |
|---|---|
| अन्य लेखक: | |
| स्वरूप: | पुस्तक |
| भाषा: | Spanish |
| प्रकाशित: |
[San José], Costa Rica
2013
|
| विषय: | |
| टैग: |
टैग जोड़ें
कोई टैग नहीं, इस रिकॉर्ड को टैग करने वाले पहले व्यक्ति बनें!
|
MARC
| LEADER | 00000nam a22000007a 4500 | ||
|---|---|---|---|
| 003 | 011801 | ||
| 005 | 20230825113244.0 | ||
| 008 | 150421b2013 cr a|||| |||| 00| 0 spa d | ||
| 040 | |c cru CEDI | ||
| 090 | |a TFG 6970 | ||
| 100 | |a Víquez Calderón, Claudio, 1990- |9 1217 | ||
| 245 | |a Software de reconocimiento y creación de patrones musicales utilizando MIDI | ||
| 260 | |a [San José], Costa Rica |c 2013 | ||
| 300 | |a ix, 27, v, 27 hojas | ||
| 500 | |a Proyecto de graduación (bachillerato en ingeniería eléctrica)--Universidad de Costa Rica. Facultad de Ingeniería. Escuela de Ingeniería Eléctrica | ||
| 501 | |a Profesor Guía de IE-0499 Proyecto Eléctrico: Ph.D. Lochi Yu Lo | ||
| 650 | |x PROCESAMIENTO DE SONIDO POR COMPUTADORA |x MIDI (NORMA) |x C (LENGUAJE DE PROGRAMACION PARA COMPUTADORA) |9 767 | ||
| 700 | |9 841 |a Lochi Yu Lo |d Director de Proyecto Eléctrico | ||
| 942 | |c CEDI | ||
| 999 | |c 13839 |d 13839 | ||
